Dance Moms: Brooke Hylands's season 1 solos. - Statistics

General Stats
  • This quiz has been taken 5 times
  • The average score is 3 of 5
Answer Stats
Picture Answer % Correct
Metamorphosis
100%
Break Me
75%
Supermodel
75%
Beautiful Dangerous
50%
Creature
0%
No matching quizzes found
Score Distribution
Percent of People with Each Score
Percentile by Number Answered
Your Score History
You have not taken this quiz